01934nam a22002417a 450000500170000001000150001702000260003203500130005803700130007108200130008424501340009726000420023127000700027330000250034350000520036850511150042065000210153565000410155665000230159765000290162070000220164970000210167120150521145823.0 aENG-112582 a9789381904664c825.00 aEN-96114 bDBAD/PUB a355.021700aStrategy in the second nuclear age :cedited by Toshi Yoshihara [and] James R. Holmesbpower, ambition and the ultimate weapon / aNew DelhibKW Publishersc2013(repr.) a4676/21, First Floor, Ansari Road, Daryaganj, bNew Delhie110002 avi,250p. c24cm(pbk) a Includes bibliographical references and index. a Introduction / Toshi Yoshihara and James R. Holmes -- After proliferation: deterrence theory and emerging nuclear powers / Joshua Rovner -- South Africa’s nuclear strategy: deterring "total onslaught" and "nuclear blackmail" in three stages / Helen E. Purkitt and Stephen F. Burgess -- The future of Chinese nuclear strategy / Christopher T. Yeaw, Andrew S. Erickson, and Michael S. Chase -- North Korea’s nuclear weapons program: motivations, strategy, and doctrine / Terence Roehrig -- Changing perceptions of extended deterrence in Japan / James L. Schoff -- Thinking about the unthinkable: Tokyo’s nuclear option / James R. Holmes and Toshi Yoshihara -- India’s nuclear strategy / Anupam Srivastava and Seema Gahlaut -- The future of India’s undersea nuclear deterrent / Andrew C. Winner -- Pakistan’s nuclear posture: thinking about the unthinkable? / Timothy D. Hoyt -- Regime type, nuclear reversals, and nuclear strategy: the ambiguous case of Iran / Scott A. Jones and James R. Holmes -- Conclusion: thinking about strategy in the second nuclear age / Toshi Yoshihara and James R. Holmes. aNuclear warfare. a Nuclear weaponsxGovernment policy. a Strategic forces. aSecurity, International. aYoshihara, Toshi  aHolmes, James R.